000 00730nam a2200205 4500
003 IT-RoINE
005 20201215052826.0
008 930725s1952 sp r |dspa d
040 _aSpMaBN
_cA2 IT-RoINE
_dIT-RoINE
100 1 _aMenéndez, Josefa,
_d1890-1923
_969893
245 1 3 _aUn mensaje del Corazón de Jesús /
_c[Josefa Menéndez, religiosa del Sagrado Corazón]
260 _aBurjasot (Valencia) :
_bSalvador Albert,
_c1952.
300 _a202 p. ;
_c13 cm.
336 _2rdacontent
_atext
337 _2rdamedia
_aunmediated
338 _2rdacarrier
_avolume
500 _aNombre del Autor tomado de la introducción.
650 4 _968948
_aSagrado Corazón de Jesús
_xLibros de oraciones y devocionarios
942 _cMTS
999 _c35642
_d35642